000 00820nam a22002057a 4500
003 NALT
005 20210803135956.0
008 s2527 th tha d
040 _aNALT
041 _atha
090 _aว JX1305 ส847ท 2527
100 0 _aสุรชัย ศิริไกร
245 1 0 _aทฤษฎีความสัมพันธ์ระหว่างประเทศ / สุรชัย ศิริไกร
260 3 _aกรุงเทพฯ :
_bศูนย์วิจัย มหาวิทยาลัยธรรมศาสตร์,
_c2527
300 _a68 หน้า ;
_b 27 ซม.
650 0 4 _aความสัมพันธ์ระหว่างประเทศ -- ทฤษฎี
850 _aNALT
942 _cRSH
_2lcc
998 _bSAIPHON
_j109
_k อารีรัตน์ วิชาช่าง
999 _c30288
_d30288